[Event "Cali op 5th"]
[Site "Cali"]
[Date "2001.12.20"]
[Round "6"]
[White "Mera Cedeno, Angel"]
[Black "Cuartas, Carlos Enrique"]
[Result "0-1"]
[WhiteElo "2385"]
[BlackElo "2302"]
[PlyCount "83"]
[EventDate "2001.12.17"]
[EventType "swiss"]
[EventRounds "9"]
[EventCountry "COL"]
[SourceTitle "EXT 2003"]
[Source "ChessBase"]
[SourceDate "2002.11.25"]
[SourceVersion "1"]
[SourceVersionDate "2002.11.25"]
[SourceQuality "1"]

1. c4 Nf6 2. g3 g6 3. Bg2 Bg7 4. Nf3 0-0 5. 0-0 d6 6. d4 Nc6 7. d5 Na5 8. Nfd2 c5 9. a3 Qc7 10. Qc2 b6 11. Ra2 Ba6 12. a4 Bc8 13. Nc3 a6 14. e4 Rb8 15. f4 Ng4 16. Nd1 e6 17. h3 Nf6 18. Re1 Re8 19. Ne3 Bb7 20. Nf3 exd5 21. exd5 Re7 22. Nf1 Rbe8 23. Rxe7 Qxe7 24. b3 Bc8 25. Qd1 h5 26. Rd2 Bf5 27. Nh4 Bd7 28. Rd3 Qe2 29. Qxe2 Rxe2 30. Bd2 Ne8 31. Bf3 Re7 32. g4 hxg4 33. hxg4 Bd4+ 34. Kg2 Bf6 35. g5 Bd4 36. Ng3 Ng7 37. Be4 Bg4 38. Bf3 Bc8 39. Be4 Nh5 40. Nxh5 Rxe4 41. Ng3 Re8 42. Kf3 0-1

[Event "American Continental 01st"]
[Site "Cali"]
[Date "2001.08.13"]
[Round "4"]
[White "Betancourt Giraldo, David Rogelio"]
[Black "Mera Cedeno, Angel"]
[Result "1/2-1/2"]
[WhiteElo "2250"]
[BlackElo "2385"]
[PlyCount "116"]
[EventDate "2001.08.09"]
[EventType "swiss"]
[EventRounds "11"]
[EventCountry "COL"]
[SourceTitle "CBM 083 Extra"]
[Source "ChessBase"]
[SourceDate "2001.09.11"]
[SourceVersion "1"]
[SourceVersionDate "2001.09.11"]
[SourceQuality "1"]

1. c4 Nf6 2. Nc3 d6 3. g3 g6 4. Bg2 Bg7 5. e4 0-0 6. Nge2 e5 7. 0-0 Ne8 8. d4 Nc6 9. Be3 a6 10. h3 Rb8 11. Rc1 Bd7 12. f4 exd4 13. Nxd4 Nf6 14. c5 Re8 15. cxd6 cxd6 16. Bf2 Nxd4 17. Bxd4 Bc6 18. Re1 Qa5 19. Bf2 Rbd8 20. Qc2 Rc8 21. Qd3 Qb4 22. Qb1 b5 23. Rcd1 Qa5 24. b4 Qc7 25. Qd3 Ba8 26. Rc1 Nh5 27. Ne2 Qe7 28. Nc3 Rc4 29. Nd5 Bxd5 30. exd5 Rxc1 31. Rxc1 Qf6 32. a3 h6 33. Bf3 Qb2 34. Rc2 Qb1+ 35. Kg2 Nf6 36. Bd4 Ng4 37. Bg1 Nf6 38. g4 Kh7 39. Rd2 Qc1 40. h4 Rc8 41. Qe2 Rc4 42. g5 Ng8 43. h5 Rxf4 44. hxg6+ fxg6 45. Rc2 Qxa3 46. Bh2 Rf5 47. gxh6 Be5 48. Rc7+ Kxh6 49. Bxe5 Rxe5 50. Qd2+ Rg5+ 51. Kf2 Nf6 52. Rc1 Nh7 53. Rh1+ Kg7 54. Rxh7+ Kxh7 55. Qxg5 Qxb4 56. Qe7+ Kh6 57. Kg3 a5 58. Qe3+ Kg7 1/2-1/2

[Event "American Continental 01st"]
[Site "Cali"]
[Date "2001.08.12"]
[Round "3"]
[White "Mera Cedeno, Angel"]
[Black "Guevara Sanchez, Erick Marvin"]
[Result "1-0"]
[WhiteElo "2385"]
[BlackElo "2196"]
[PlyCount "65"]
[EventDate "2001.08.09"]
[EventType "swiss"]
[EventRounds "11"]
[EventCountry "COL"]
[SourceTitle "CBM 083 Extra"]
[Source "ChessBase"]
[SourceDate "2001.09.11"]
[SourceVersion "1"]
[SourceVersionDate "2001.09.11"]
[SourceQuality "1"]

1. c4 e6 2. Nc3 d5 3. d4 Nf6 4. Nf3 c6 5. Qb3 dxc4 6. Qxc4 b5 7. Qd3 a6 8. Ne4 Nbd7 9. Bd2 Bb7 10. b4 Nxe4 11. Qxe4 a5 12. bxa5 b4 13. e3 Rxa5 14. Bc4 Bd6 15. 0-0 Qe7 16. Rfc1 0-0 17. Bb3 Rb8 18. Qc2 c5 19. dxc5 Nxc5 20. Bxb4 Bxf3 21. Bxa5 Qg5 22. g3 Nxb3 23. axb3 Qg4 24. Qc4 Qh5 25. e4 Qh3 26. Qf1 Qg4 27. Ra4 h5 28. e5 Bb4 29. Rc4 Qg5 30. Rcxb4 Rc8 31. Rc4 Rb8 32. b4 Qxe5 33. Bc7 1-0

[Event "Olympiad-34"]
[Site "Istanbul"]
[Date "2000.11.12"]
[Round "14.3"]
[White "Zeidler, Sven P"]
[Black "Mera Cedeno, Angel"]
[Result "1/2-1/2"]
[WhiteElo "2255"]
[BlackElo "2376"]
[PlyCount "75"]
[EventDate "2000.10.28"]
[EventType "team-swiss"]
[EventRounds "14"]
[EventCountry "TUR"]
[SourceTitle "EXT 2001"]
[Source "ChessBase"]
[SourceDate "2000.11.22"]
[SourceVersion "1"]
[SourceVersionDate "2000.11.22"]
[SourceQuality "1"]
[WhiteTeam "Wales"]
[BlackTeam "Ecuador"]
[WhiteTeamCountry "WLS"]
[BlackTeamCountry "ECU"]

1. e4 c5 2. Nc3 a6 3. f4 Nc6 4. Nf3 e6 5. d3 b5 6. Qe2 Nd4 7. Qf2 Nxf3+ 8. Qxf3 Bb7 9. f5 Qh4+ 10. g3 Qf6 11. Bh3 g6 12. 0-0 b4 13. fxe6 Qxf3 14. Rxf3 dxe6 15. Na4 Bc6 16. b3 Bxa4 17. Bb2 e5 18. Bxe5 f6 19. Rxf6 Nxf6 20. Bxf6 Rg8 21. Be6 Rg7 22. bxa4 Rga7 23. Bd5 Rc8 24. Rf1 Bg7 25. g4 Bxf6 26. Rxf6 a5 27. Kg2 c4 28. dxc4 Rac7 29. Ra6 Rxc4 30. Bxc4 Rxc4 31. Rxa5 Rxc2+ 32. Kf3 Rxa2 33. Ra7 Rxh2 34. Rb7 b3 35. Kg3 Ra2 36. Rxb3 Rxa4 37. Kf4 Ra7 38. g5 1/2-1/2

[Event "Olympiad-34"]
[Site "Istanbul"]
[Date "2000.11.09"]
[Round "12.3"]
[White "Mera Cedeno, Angel"]
[Black "Oral, Tomas"]
[Result "1/2-1/2"]
[WhiteElo "2376"]
[BlackElo "2531"]
[PlyCount "45"]
[EventDate "2000.10.28"]
[EventType "team-swiss"]
[EventRounds "14"]
[EventCountry "TUR"]
[SourceTitle "EXT 2001"]
[Source "ChessBase"]
[SourceDate "2000.11.22"]
[SourceVersion "1"]
[SourceVersionDate "2000.11.22"]
[SourceQuality "1"]
[WhiteTeam "Ecuador"]
[BlackTeam "Czech Republic"]
[WhiteTeamCountry "ECU"]
[BlackTeamCountry "CZE"]

1. c4 c5 2. g3 Nc6 3. Bg2 g6 4. Nc3 Bg7 5. Rb1 d6 6. a3 a5 7. d3 e5 8. Nd5 Nge7 9. Bg5 h6 10. Bf6 0-0 11. e3 Bxf6 12. Nxf6+ Kg7 13. Nd5 Nxd5 14. cxd5 Ne7 15. a4 b5 16. axb5 Rb8 17. Ne2 Rxb5 18. Nc3 Rb4 19. 0-0 Qb6 20. b3 Bd7 21. Na2 Rb5 22. Nc3 Rb4 23. Na2 1/2-1/2

[Event "Espe Cup"]
[Site "Ecuador"]
[Date "1999.??.??"]
[Round "?"]
[White "Alarcon Tirado, Cesar"]
[Black "Mera Cedeno, Angel"]
[Result "1-0"]
[WhiteElo "2180"]
[BlackElo "2360"]
[PlyCount "99"]
[EventDate "1999.??.??"]
[EventType "tourn"]
[EventRounds "11"]
[EventCountry "ECU"]
[EventCategory "3"]
[SourceTitle "EXT 2000"]
[Source "ChessBase"]
[SourceDate "1999.11.16"]
[SourceVersion "1"]
[SourceVersionDate "1999.11.16"]
[SourceQuality "1"]

1. d4 g6 2. Nf3 Bg7 3. Bf4 d6 4. e3 Nd7 5. Be2 c6 6. c4 c5 7. Nc3 Nh6 8. Qd2 0-0 9. 0-0-0 Ng4 10. Bg3 a6 11. Rhe1 Ngf6 12. Bf1 Qa5 13. Kb1 Re8 14. e4 cxd4 15. Nxd4 Nc5 16. Nc2 Na4 17. Nxa4 Qxa4 18. Qb4 Qxb4 19. Nxb4 Be6 20. f3 Rac8 21. Nd5 Nd7 22. Bf2 Nc5 23. b3 a5 24. Bh4 Kf8 25. Rc1 h6 26. Red1 f5 27. Bd3 a4 28. b4 Nxd3 29. Rxd3 Be5 30. Bg3 Bxg3 31. hxg3 fxe4 32. fxe4 Kg7 33. Kb2 Rf8 34. Rf3 Bxd5 35. exd5 Rf5 36. Rcc3 Re5 37. Rc2 h5 38. Rfc3 b5 39. cxb5 Rb8 40. Rd3 Re4 41. Ka3 Rxb5 42. Rb2 Kf6 43. Kxa4 Rb8 44. a3 Ke5 45. Rc2 Rb7 46. Ka5 Rd4 47. Rxd4 Kxd4 48. b5 Kxd5 49. b6 Rb8 50. a4 1-0

[Event "San Felipe zt"]
[Site "San Felipe"]
[Date "1999.??.??"]
[Round "4"]
[White "Alvarez Marquez, Johan"]
[Black "Mera Cedeno, Angel"]
[Result "1-0"]
[WhiteElo "2193"]
[BlackElo "2361"]
[PlyCount "49"]
[EventDate "1999.??.??"]
[EventType "swiss"]
[EventRounds "9"]
[EventCountry "VEN"]
[SourceTitle "EXT 2000"]
[Source "ChessBase"]
[SourceDate "1999.11.16"]
[SourceVersion "1"]
[SourceVersionDate "1999.11.16"]
[SourceQuality "1"]

1. d4 Nf6 2. c4 g6 3. Nc3 Bg7 4. Nf3 0-0 5. Bg5 c5 6. e3 d6 7. Be2 Na6 8. 0-0 b6 9. Re1 Nc7 10. h3 Bb7 11. d5 h6 12. Bh4 g5 13. Bg3 b5 14. Nd2 b4 15. Na4 e5 16. e4 Nd7 17. Bg4 Nb6 18. a3 Na6 19. Nxb6 axb6 20. a4 Nc7 21. Nf1 Qf6 22. Ne3 Ra5 23. Bf5 Rfa8 24. Qh5 g4 25. Bh4 1-0

[Event "San Felipe zt"]
[Site "San Felipe"]
[Date "1999.??.??"]
[Round "5"]
[White "Mera Cedeno, Angel"]
[Black "Rohl Montes, Juan Armando"]
[Result "0-1"]
[WhiteElo "2361"]
[BlackElo "2360"]
[PlyCount "74"]
[EventDate "1999.??.??"]
[EventType "swiss"]
[EventRounds "9"]
[EventCountry "VEN"]
[SourceTitle "EXT 2000"]
[Source "ChessBase"]
[SourceDate "1999.11.16"]
[SourceVersion "1"]
[SourceVersionDate "1999.11.16"]
[SourceQuality "1"]

1. c4 e5 2. g3 d6 3. Nc3 f5 4. d4 exd4 5. Qxd4 Nc6 6. Qd2 Nf6 7. Bg2 Be7 8. b3 Ne5 9. Bb2 c6 10. Rd1 Be6 11. c5 d5 12. Nxd5 Nxd5 13. Bxe5 Bxc5 14. a3 Bxa3 15. Bxg7 Bb4 16. Bxh8 Bxd2+ 17. Rxd2 Qa5 18. Nf3 0-0-0 19. Bd4 c5 20. Bb2 Ne7 21. Bc1 Rxd2 22. Nxd2 Nc6 23. 0-0 Nd4 24. Nc4 Bxc4 25. bxc4 Nxe2+ 26. Kh1 Nxc1 27. Rxc1 Qd2 28. Rf1 f4 29. Kg1 Kc7 30. Rb1 b6 31. Bf1 fxg3 32. hxg3 a5 33. Ra1 Qc3 34. Ra2 Qb3 35. Re2 a4 36. Re7+ Kd6 37. Rxh7 a3 0-1

[Event "San Felipe zt"]
[Site "San Felipe"]
[Date "1999.??.??"]
[Round "7"]
[White "Mera Cedeno, Angel"]
[Black "Yanez, Wilbert"]
[Result "1-0"]
[WhiteElo "2361"]
[BlackElo "2230"]
[PlyCount "143"]
[EventDate "1999.??.??"]
[EventType "swiss"]
[EventRounds "9"]
[EventCountry "VEN"]
[SourceTitle "EXT 2000"]
[Source "ChessBase"]
[SourceDate "1999.11.16"]
[SourceVersion "1"]
[SourceVersionDate "1999.11.16"]
[SourceQuality "1"]

1. d4 Nf6 2. Bg5 g6 3. Bxf6 exf6 4. e3 Bg7 5. h4 f5 6. h5 d5 7. Nh3 c6 8. Nf4 Qb6 9. Nd2 Nd7 10. c4 Nf6 11. Rb1 a5 12. Qf3 0-0 13. cxd5 cxd5 14. hxg6 hxg6 15. Qh3 Re8 16. Be2 Bd7 17. Nf3 Qb4+ 18. Kf1 Bb5 19. Nd3 Qa4 20. g3 Rac8 21. Nfe5 Qxa2 22. Kg2 Bxd3 23. Bxd3 Qb3 24. Qh4 Ng4 25. Nd7 Nh6 26. Be2 Rc6 27. Qg5 Qc2 28. Bf3 Ng4 29. Bxg4 fxg4 30. Qxd5 Qc4 31. Qg5 Qe6 32. Nc5 Qc8 33. Rbc1 b6 34. Nd3 Rxc1 35. Rxc1 Qe6 36. Kg1 Rc8 37. Rxc8+ Qxc8 38. Qb5 Qc2 39. Nf4 Qd1+ 40. Kh2 Qd2 41. Kg2 Qd1 42. Qc6 Qd2 43. b3 Qb4 44. Qd5 Qe7 45. Ne2 Qe6 46. Nc3 Bf8 47. Qxe6 fxe6 48. Kf1 Bb4 49. Na2 Ba3 50. Ke2 Kg7 51. Kd3 b5 52. Nc3 Bb4 53. Nxb5 Be1 54. Ke2 Bb4 55. Na7 Kf6 56. Nc6 Bc3 57. Ne5 Kf5 58. Kd3 Be1 59. e4+ Kg5 60. Ke3 Bb4 61. Nd3 Bc3 62. Ne5 Bb4 63. Nd7 Bc3 64. e5 Kf5 65. Nf6 Bb4 66. Ne8 Bf8 67. Nd6+ Kg5 68. Ke4 Be7 69. d5 exd5+ 70. Kxd5 Kh6 71. Ke6 Bd8 72. Nf7+ 1-0

[Event "Quito Gran Prix op"]
[Site "Quito"]
[Date "1998.??.??"]
[Round "?"]
[White "Alarcon Tirado, Cesar"]
[Black "Mera Cedeno, Angel"]
[Result "0-1"]
[WhiteElo "2100"]
[BlackElo "2245"]
[PlyCount "84"]
[EventDate "1998.??.??"]
[EventType "swiss"]
[EventRounds "9"]
[EventCountry "ECU"]
[SourceTitle "EXT 2002"]
[Source "ChessBase"]
[SourceDate "2001.11.25"]
[SourceVersion "1"]
[SourceVersionDate "2001.11.25"]
[SourceQuality "1"]

1. d4 g6 2. e4 Bg7 3. Nc3 d6 4. Be3 c6 5. Qd2 b5 6. Bd3 Na6 7. Nf3 e5 8. dxe5 dxe5 9. a4 b4 10. Na2 Qa5 11. Nc1 Nc5 12. 0-0 Bg4 13. Ne1 Nf6 14. f3 Be6 15. b3 0-0 16. Na2 Rab8 17. Qe2 Rfd8 18. Bc4 Ne8 19. Bxe6 Nxe6 20. Nd3 c5 21. Nb2 Nd6 22. Rfd1 Qc7 23. Rd5 Nd4 24. Qd3 Ne8 25. Rxd8 Rxd8 26. Bxd4 Rxd4 27. Qe2 a5 28. Rd1 Nd6 29. Rxd4 cxd4 30. Nc4 Nxc4 31. Qxc4 Qxc4 32. bxc4 Bh6 33. Kf1 d3 34. cxd3 Bd2 35. Nxb4 Bxb4 36. f4 f6 37. g4 h6 38. Ke2 Kf7 39. h4 g5 40. fxg5 hxg5 41. d4 exd4 42. Kd3 Bc5 0-1

[Event "WchT U26 11th"]
[Site "Roque Saenz Pena"]
[Date "1997.08.10"]
[Round "5"]
[White "Mera Cedeno, Angel"]
[Black "Hernandez, Gustavo2222"]
[Result "1-0"]
[WhiteElo "2245"]
[BlackElo "2240"]
[PlyCount "73"]
[EventDate "1997.08.06"]
[EventType "team-swiss"]
[EventRounds "9"]
[EventCountry "ARG"]
[SourceTitle "EXT 2020"]
[Source "ChessBase"]
[SourceDate "2019.10.17"]
[SourceVersion "1"]
[SourceVersionDate "2019.10.17"]
[SourceQuality "1"]
[WhiteTeam "Ecuador"]
[BlackTeam "Venezuela"]
[WhiteTeamCountry "ECU"]
[BlackTeamCountry "VEN"]

1. c4 Nf6 2. Nf3 g6 3. g3 Bg7 4. Bg2 0-0 5. 0-0 d5 6. cxd5 Nxd5 7. Nc3 Nb6 8. a4 a5 9. d3 Nc6 10. Bd2 e5 11. Rc1 Nd4 12. Ne4 Nd5 13. Rc5 c6 14. Nxd4 exd4 15. Qb3 h6 16. Rfc1 Kh7 17. g4 Qb6 18. Qxb6 Nxb6 19. h3 Nxa4 20. Rxa5 Rxa5 21. Bxa5 Be6 22. Nd6 Bd7 23. Nxb7 Rb8 24. b3 Nc3 25. Bxc3 Rxb7 26. Ba5 Rxb3 27. Bxc6 Bxc6 28. Rxc6 Rb2 29. Kf1 Be5 30. Rc5 Bf6 31. Rc4 Kg7 32. Bb4 Rb1+ 33. Kg2 Be5 34. Kf3 Rh1 35. Ke4 Bf6 36. Bc5 Rxh3 37. Bxd4 1-0

[Event "WchT U26 11th"]
[Site "Roque Saenz Pena"]
[Date "1997.08.08"]
[Round "3"]
[White "Mera Cedeno, Angel"]
[Black "Cueto Chajtur, Johny"]
[Result "1/2-1/2"]
[WhiteElo "2245"]
[BlackElo "2200"]
[PlyCount "59"]
[EventDate "1997.08.06"]
[EventType "team-swiss"]
[EventRounds "9"]
[EventCountry "ARG"]
[SourceTitle "EXT 2020"]
[Source "ChessBase"]
[SourceDate "2019.10.17"]
[SourceVersion "1"]
[SourceVersionDate "2019.10.17"]
[SourceQuality "1"]
[WhiteTeam "Ecuador"]
[BlackTeam "Bolivia"]
[WhiteTeamCountry "ECU"]
[BlackTeamCountry "BOL"]

1. c4 d6 2. g3 e5 3. Bg2 g6 4. d4 Nd7 5. Nf3 Bg7 6. 0-0 Ne7 7. b4 a5 8. b5 0-0 9. Bb2 Re8 10. Nbd2 exd4 11. Nxd4 Nf5 12. e3 Nc5 13. Qc2 Nxd4 14. Bxd4 Bxd4 15. exd4 Bf5 16. Qd1 Ne4 17. Re1 d5 18. Rc1 c6 19. c5 cxb5 20. Nxe4 Bxe4 21. Bxe4 dxe4 22. d5 Re5 23. d6 Qd7 24. a3 Re6 25. Qd2 b6 26. Red1 bxc5 27. Rxc5 Rd8 28. Rd5 Qa7 29. d7 e3 30. fxe3 1/2-1/2